00825cam a22002412 4500001001100000005001700011008004100028020002700069040001500096100003000111245009200141250001300233260003800246300001800284650003600302650003400338700003500372700003000407908001100437950000600448999001500454952011400469000000911520151217145846.0080903s xx 000 0 eng d a0421830603 :cKES 3200 aKABUcKABU1 aUpex, Robert.@000016015810aDavies on contract /cRobert Upex, Geoffrey Bennett with a contribution by Jason Chuah. a 9th ed. aLondon :bSweet & Maxwell,c2004. axxvi, 309 p. 0aContractszEngland.@0000160118 0aContractszWales.@00001601191 aBennett, Geoffrey.@00001601591 aChuah, Jason.@0000160160 a080903 @1 c3373d3373 00102lcc70aKABUbKABUd2015-12-17l0oKD1554 .A7U64 2004 c. 1p009378r2015-12-17 00:00:00w2015-12-17yBK